Normal view
MARC view
Entry Personal Name
001 - CONTROL NUMBER
- control field: 13069
003 - CONTROL NUMBER IDENTIFIER
- control field: BD-RjUL
005 - DATE AND TIME OF LATEST TRANSACTION
- control field: 20240519122207.0
008 - FIXED-LENGTH DATA ELEMENTS
- fixed length control field: 240519|| aca||aabn | a|a d
040 ## - CATALOGING SOURCE
- Original cataloging agency: BD-RjUL
- Transcribing agency: BD-RjUL
100 ## - HEADING--PERSONAL NAME
- Personal name: Haque, Md. Tajimul
670 ## - SOURCE DATA FOUND
- Source citation: Work cat.: (BD-RjUL)83775: Haque, Md. Tajimul, Genetic Studies on some Quantitative Characters in Silkeorm, Bombyx Mori L.(Lepidoptera : Bombycidae) /, 1994